000 00629nam a2200193 i 4500
001 110990
003 ES-MaACL
005 20250414191423.0
007 t|
008 061121s1930 sp r ||||1| spa d
100 1 _aOgnief, Nicolai.
_986577
245 1 3 _aEl diario de Costia Riabtsev /
_cNicolai Ognief ; traducción directa del ruso por Tatiana Enco de Valero, Benjamín Jarnés.
260 _aMadrid :
_bEspasa Calpe,
_c[1930?]
300 _a284 p. ;
_c19 cm.
700 1 _aEnco de Valero, Tatiana.
_947193
700 1 _aJarnés, Benjamín,
_d1888-1949
_9154398
852 _aES-MaACL
_jB-3317
999 _c110990
_d110990